Catalogue of Spanish Rugs (Record no. 4342)

MARC details
000 -CABECERA
campo de control de longitud fija 01368nam a2200289 a 4500
001 - NÚMERO DE CONTROL
campo de control BRCA_4639
005 - FECHA Y HORA DE LA ÚLTIMA TRANSACCIÓN
campo de control 20190320204739.0
008 - DATOS DE LONGITUD FIJA--INFORMACIÓN GENERAL
campo de control de longitud fija 280910s1953----u--a######---#000-0#eng-#
041 ## - CÓDIGO DE LENGUA
Código de lengua del texto/banda sonora o título independiente eng
044 ## - CÓDIGO DEL PAÍS DE LA ENTIDAD EDITORA/PRODUCTORA
Código MARC del país u
050 #4 - SIGNATURA TOPOGRÁFICA DE LA BIBLIOTECA DEL CONGRESO
Número de clasificación NK2862
Número de documento/Ítem .K84 1953
100 1# - ENTRADA PRINCIPAL--NOMBRE DE PERSONA
Nombre de persona Kühnel, Erns
9 (RLIN) 11739
245 10 - MENCIÓN DE TÍTULO
Título Catalogue of Spanish Rugs
Resto del título 12th century to 19th century
Mención de responsabilidad, etc. Erns Kühnel ; tecnical analysis by Louisa Bellinger.
260 ## - PUBLICACIÓN, DISTRIBUCIÓN, ETC.
Lugar de publicación, distribución, etc. Washington, D.C.
Nombre del editor, distribuidor, etc. Publishing
Fecha de publicación, distribución, etc. 1953
300 ## - DESCRIPCIÓN FÍSICA
Extensión vii, 64 p.
Otras características físicas il. (algunas a color), 44 láminas
Dimensiones 30 cm.
500 ## - NOTA GENERAL
Nota general Incluye apéndice, índice temático, alfabético y numérico
500 ## - NOTA GENERAL
Nota general Incluye dos láminas sueltas sobre técnicas de tapetes españoles
500 ## - NOTA GENERAL
Nota general Mapa en la contrapotada del forro
500 ## - NOTA GENERAL
Nota general D49
504 ## - NOTA DE BIBLIOGRAFÍA, ETC.
Nota de bibliografía, etc. Bibliografía: p. 59
505 0# - NOTA DE CONTENIDO CON FORMATO
Nota de contenido con formato Edición compuesta por dos cuadernillos: 1. Texto. -- 2. Láminas (44 ilustraciones y 1 hoja plegable). Así como 4 anexos: 1. June, 1952 Rugs: preservation, display and storage (6 hojas) ; 2. May, 1953 Rugs Analysis: discussion of method (4 hojas y 1 plegable) ; 3. April, 1956 A preliminary study of shaped textile from peru (5 hojas) ; 4. June, 1958 Anew type of peruvian ikat (8 hojas)
650 14 - PUNTO DE ACCESO ADICIONAL DE MATERIA--TÉRMINO DE MATERIA
Término de materia o nombre geográfico como elemento de entrada Tapetes
Subdivisión de forma Catálogos
Subdivisión geográfica España
9 (RLIN) 11740
700 1# - PUNTO DE ACCESO ADICIONAL--NOMBRE DE PERSONA
Nombre de persona Bellinger, Louisa
9 (RLIN) 11741
710 2# - PUNTO DE ACCESO ADICIONAL--NOMBRE DE ENTIDAD CORPORATIVA
Nombre de entidad corporativa o nombre de jurisdicción como elemento de entrada The Textile Museum
9 (RLIN) 11742
902 ## - CATALOGADOR
Iniciales GFM
942 ## - ELEMENTOS DE PUNTO DE ACCESO ADICIONAL (KOHA)
Fuente del sistema de clasificación o colocación Library of Congress Classification
Tipo de ítem Koha Libros
Holdings
Estado de retiro Estado de pérdida Estado dañado No para préstamo Localización permanente Ubicación/localización actual Fecha de adquisición Número de inventario Total de préstamos Signatura topográfica completa Código de barras Fecha visto por última vez Precio válido a partir de Tipo de ítem Koha
El ejemplar forma parte de la colección y puede ser consultado según las políticas vigentes.       Biblioteca del Museo Franz Mayer (Rogerio Casas-Alatriste) Biblioteca del Museo Franz Mayer (Rogerio Casas-Alatriste) 28/09/2010 D49   NK2862 .K84 1953 (D49) 4639 22/03/2019 22/03/2019 Libros